000 00639nam a2200205 i 4500
001 128656
003 ES-MaACL
005 20230906193333.0
007 t|
008 070521s1947 po ||||1| por d
080 _a616.24-002.5-089
100 1 _aTapia, Manuel.
_9109229
245 1 3 _aEl neumotórax extrapleural /
_cManuel Tapia, Luis Quintella, Anselmo Ferraz Carvalho.
260 _aLisboa :
_bLivraria Luso-Espanhola,
_c1947.
300 _a246 p. :
_bil. ;
_c24 cm.
650 1 4 _aNeumotórax.
_915522
700 1 _aQuintella, Luis.
_994717
700 1 _aFerraz Carvalho, Anselmo.
_950344
852 _aES-MaACL
_jD-7199
_bR.28825
999 _c128656
_d128656